02590 2200241 4500001002100000005001500021007000300036008003900039035002000078082001600098084002200114100003200136245010000168264003900268300001100307336002100318337002800339338002500367520180100392650006502193856007402258990001602332INLIS00000000150475420260429090554ta260429 | | |  a0010-0426000076 aL.310-25153 aL.310-25153 RAT s0 aRATNA RAHMADHANIePengarang1 aSTRATEGI PENGEMBANGAN USAHA TERNAK DOMBA PADA PETERNAKAN MAJU LESTARI FARM /cPolbangtan Malang aMalang :bPolbangtan Malang,c2025 a91 hlm 2rdacontentaText 2rdamediaaBuku Tercetak 2rdacarrieraHardcopy aPeternakan domba menjadi salah satu sektor agribisnis yang memiliki peluang bisnis menjanjikan, terutama di wilayah dengan ketersediaan bahan pakan yang melimpah seperti Kecamatan Panggul, Kabupaten Trenggalek. Namun, pengelolaan usaha yang masih bersifat tradisional, modal yang terbatas, serta belum optimalnya strategi pemasaran menjadi tantangan utama dalam pengembangan usaha tersebut. Penelitian ini memiliki tujuan untuk menyusun strategi pengembangan usaha Peternakan Maju Lestari farm melalui analisis SWOT dan penerapan matriks QSPM guna meningkatkan daya saing dan mempertahankan keberlanjutan usahanya. Metode penelitian yang digunakan adalah deskriptif kuantitatif dan menggunakan pengumpulan data melalui observasi, wawancara, dan studi literatur. Analisis data penelitian ini menerapkan analisis matriks Internal Factor Evaluation (IFE), matriks External Factor Evaluation (EFE), Kuadran SWOT, matriks SWOT, Quantitative Strategies Planning Matriks (QSPM), dan analisis kelayakan finansial. Hasil kajian ini menunjukkan bahwa Peternakan Maju Lestari Farm memiliki masing-masing 5 faktor kekuatan, kelemahan, peluang, dan ancaman. Hasil kuadran SWOT menyatakan bahwa perusahaan berada pada posisi I yang artinya posisi perusahaan menguntungkan dan strategi yang dibutuhkan adalah strategi progresif. Hasil analisis SWOT diperoleh satu set alternatif strategi rekomendasi untuk pengembangan usaha Peternakan Maju Lestari Farm dengan strategi prioritas berdasarkan QSPM adalah konsistensi dan peningkatan produksi untuk memenuhi permintaan serta memanfaatkan dukungan pemerintah. Hasil analisis kelayakan finansial Peternakan Maju Lestari Farm layak dan menguntungkan dengan hasil R/C 1,34, BEP unit 38 ekor, BEP harga Rp. 1.152.758, ROI 0,10%, dan PP 9 tahun. 4aStrategi Pengembangan, Peternakan Domba, Analisis SWOT, QSPM ahttps://repository.polbangtanmalang.ac.id/xmlui/handle/123456789/2141 aL.310-25153